|
|
|
|
| LEADER |
00000cam a2200000 4500 |
| 001 |
vtls012135652 |
| 003 |
SK-MaSNL |
| 005 |
20260301191727.0 |
| 008 |
220518s1984 xxc g 000 0 slo |
| 015 |
|
|
|a SNBZSA2023/06
|
| 020 |
|
|
|q (brožované)
|
| 040 |
|
|
|a SNK
|b slo
|c SNK
|e rda
|
| 041 |
0 |
|
|a slo
|
| 044 |
|
|
|a xxc
|c SKCA
|
| 072 |
|
7 |
|a 783
|x Cirkevná hudba. Duchovná hudba. Náboženská hudba
|2 konspekt
|
| 080 |
|
|
|a 783.6
|2 2011
|
| 080 |
|
|
|a (0:82-192)
|2 2011
|
| 245 |
0 |
0 |
|a Aleluja
|b piesne
|c zostavili Slovenskí jezuiti
|
| 264 |
|
1 |
|a Ontario
|b Slovenskí jezuiti Cambridge
|c 1984
|
| 300 |
|
|
|a 798 strán
|c 14 cm
|
| 336 |
|
|
|a text
|b txt
|2 rdacontent
|
| 337 |
|
|
|a bez média
|b n
|2 rdamedia
|
| 338 |
|
|
|a zväzok
|b nc
|2 rdacarrier
|
| 650 |
0 |
7 |
|a cirkevné piesne
|2 SNKPH
|9 1751
|
| 650 |
0 |
7 |
|a Church songs
|2 SNKPHeng
|9 491811
|
| 655 |
|
7 |
|a spevníky
|2 SNKPH
|9 70506
|
| 655 |
|
7 |
|a Songbooks
|2 SNKPHeng
|9 288744
|
| 852 |
|
|
|a Slovenská národná knižnica
|
| 954 |
|
|
|a duchovná literatúra pôvodná (slovenská)
|2 lita
|
| 958 |
|
|
|a ZS
|
| 958 |
|
|
|a NT
|
| 999 |
|
|
|c 872011
|d 873941
|
| 952 |
|
|
|a SNK
|b SNK
|y PREZ
|7 0
|p 17A1480619
|o snkSE 14076
|i snk2022/8100
|8 1
|z iné ako SE 7962
|0 0
|1 0
|4 0
|d 2022-05-18
|f 1
|l 0
|r 2026-02-24 05:46:20
|w 2026-02-24
|